[Event "CZE-chT2D 1718"]
[Site "Czech Republic"]
[Date "2017.12.17"]
[Round "5.7"]
[White "Hennig, Thomas"]
[Black "Hospodka, Josef"]
[Result "1-0"]
[WhiteElo "2029"]
[BlackElo "1949"]
[PlyCount "101"]
[EventDate "2017.10.15"]
[EventType "team-tourn"]
[EventRounds "11"]
[EventCountry "CZE"]
[SourceTitle "EXT 2022"]
[Source "ChessBase"]
[SourceDate "2021.10.06"]
[SourceVersion "1"]
[SourceVersionDate "2021.10.06"]
[SourceQuality "1"]
[WhiteTeam "Pardubice Eurobit"]
[BlackTeam "Chotebor"]
[WhiteTeamCountry "CZE"]
[BlackTeamCountry "CZE"]

1. d4 Nf6 2. c4 e6 3. Nc3 Bb4 4. e3 Bxc3+ 5. bxc3 b6 6. Bd3 Bb7 7. f3 d6 8. Ne2 Nbd7 9. e4 e5 10. 0-0 Qe7 11. Ng3 h6 12. f4 g6 13. fxe5 dxe5 14. Qa4 Kf8 15. c5 bxc5 16. Rb1 Nb6 17. Qa5 exd4 18. Ba3 Kg7 19. Bxc5 Qe6 20. Bxd4 Rhe8 21. Rxf6 Qxf6 22. Bxf6+ Kxf6 23. Qc5 Rac8 24. Rf1+ Kg7 25. Qd4+ Kg8 26. Qf6 Rf8 27. Nf5 gxf5 28. Qxf5 Rcd8 29. Rf3 Rxd3 30. Rxd3 Re8 31. Rf3 Re7 32. Qf6 Rd7 33. Rg3+ Kf8 34. Qxh6+ Ke7 35. Qh4+ Ke6 36. Qh3+ Ke7 37. Rd3 Ba6 38. Rxd7+ Nxd7 39. Qe3 Nb6 40. h4 Bc4 41. a4 Be6 42. a5 Nc8 43. Qc5+ Kd7 44. h5 Nd6 45. h6 f6 46. h7 Nf7 47. Qxa7 f5 48. exf5 Bxf5 49. h8Q Nxh8 50. Qd4+ Kc6 51. Qf6+ 1-0

[Event "CZE-chT2D 1617"]
[Site "Czech Republic"]
[Date "2017.04.02"]
[Round "11.6"]
[White "Hennig, Thomas"]
[Black "Cely, Jaroslav"]
[Result "1/2-1/2"]
[WhiteElo "2043"]
[BlackElo "1994"]
[PlyCount "85"]
[EventDate "2016.10.09"]
[EventType "team-tourn"]
[EventRounds "11"]
[EventCountry "CZE"]
[SourceTitle "EXT 2022"]
[Source "ChessBase"]
[SourceDate "2021.10.06"]
[SourceVersion "1"]
[SourceVersionDate "2021.10.06"]
[SourceQuality "1"]
[WhiteTeam "Pardubice Rapid II"]
[BlackTeam "Zdar nad Sazavou"]
[WhiteTeamCountry "CZE"]
[BlackTeamCountry "CZE"]

1. d4 c5 2. d5 e5 3. e4 d6 4. Nc3 Be7 5. Bb5+ Bd7 6. Bxd7+ Nxd7 7. Nf3 Ngf6 8. a4 0-0 9. 0-0 Ne8 10. Qe2 g6 11. Bh6 Ng7 12. Nd2 a6 13. f4 exf4 14. Bxf4 Nh5 15. Bh6 Ng7 16. Nc4 Nb6 17. Ne3 Bf6 18. a5 Nd7 19. Bf4 Qe7 20. Nc4 Bd4+ 21. Kh1 Ne5 22. Bxe5 Bxe5 23. Na4 Rae8 24. Rae1 Qh4 25. Nxe5 Rxe5 26. g3 Qe7 27. Nc3 Re8 28. Rf3 f5 29. Re3 Nh5 30. g4 fxg4 31. Qxg4 Rg5 32. Qh3 Nf4 33. Qh6 Rf8 34. Rf3 Rh5 35. Qxf4 Rxf4 36. Rxf4 Rf5 37. Rg4 Rf2 38. e5 Qf7 39. Kg1 dxe5 40. Ne4 Rf4 41. Rxf4 Qxf4 42. Nc3 Qg4+ 43. Kh1 1/2-1/2

[Event "CZE-chT2D 1617"]
[Site "Czech Republic"]
[Date "2017.02.12"]
[Round "8.6"]
[White "Bradac, Roman"]
[Black "Hennig, Thomas"]
[Result "1/2-1/2"]
[WhiteElo "2018"]
[BlackElo "2043"]
[PlyCount "69"]
[EventDate "2016.10.09"]
[EventType "team-tourn"]
[EventRounds "11"]
[EventCountry "CZE"]
[SourceTitle "EXT 2022"]
[Source "ChessBase"]
[SourceDate "2021.10.06"]
[SourceVersion "1"]
[SourceVersionDate "2021.10.06"]
[SourceQuality "1"]
[WhiteTeam "Dalesice Pivovar"]
[BlackTeam "Pardubice Rapid II"]
[WhiteTeamCountry "CZE"]
[BlackTeamCountry "CZE"]

1. d4 d5 2. Nf3 Nf6 3. c4 e6 4. Nc3 c6 5. e3 Nbd7 6. Bd3 Bb4 7. 0-0 0-0 8. a3 Ba5 9. b4 Bc7 10. e4 e5 11. exd5 cxd5 12. Nxd5 Nxd5 13. cxd5 exd4 14. Bc4 Ne5 15. Nxe5 Bxe5 16. Re1 Bxh2+ 17. Kxh2 Qc7+ 18. d6 Qxc4 19. Re4 Qc3 20. Qxd4 Qxd4 21. Rxd4 Be6 22. Bf4 Rfd8 23. Rc1 Rac8 24. Rdd1 Rxc1 25. Rxc1 Rc8 26. Rc7 Rxc7 27. dxc7 Kf8 28. Be3 a6 29. a4 Ke8 30. b5 axb5 31. axb5 Kd7 32. b6 h5 33. Kg3 g6 34. Kf4 Ke8 35. Kg5 1/2-1/2

[Event "CZE-chT2D 1011"]
[Site "Czech Republic"]
[Date "2011.03.27"]
[Round "10"]
[White "Tazlar, Petr"]
[Black "Hennig, Thomas"]
[Result "1-0"]
[WhiteElo "1996"]
[BlackElo "1998"]
[PlyCount "43"]
[EventDate "2010.10.17"]
[EventType "team-tourn"]
[EventRounds "11"]
[EventCountry "CZE"]
[SourceTitle "EXT 2012"]
[Source "ChessBase"]
[SourceDate "2011.11.24"]
[SourceVersion "1"]
[SourceVersionDate "2011.11.24"]
[SourceQuality "1"]
[WhiteTeam "Litomysl"]
[BlackTeam "Pardubice AKIS"]
[WhiteTeamCountry "CZE"]
[BlackTeamCountry "CZE"]

1. e4 c5 2. Nf3 e6 3. c3 d5 4. exd5 Qxd5 5. Bb5+ Bd7 6. Bxd7+ Nxd7 7. d4 Ngf6 8. 0-0 Be7 9. Be3 0-0 10. dxc5 Bxc5 11. Qe2 Bxe3 12. Qxe3 Qc5 13. Qxc5 Nxc5 14. Na3 Rfd8 15. Nc4 Na4 16. Rab1 Kf8 17. Rfe1 Rac8 18. Nce5 Nd5 19. Ng5 Rd6 20. Ngxf7 Rb6 21. Ng5 Nxb2 22. Nd7+ 1-0

[Event "CZE-chT2D 1011"]
[Site "Czech Republic"]
[Date "2011.01.23"]
[Round "6"]
[White "Hennig, Thomas"]
[Black "Tesar, Jan"]
[Result "0-1"]
[WhiteElo "1998"]
[BlackElo "2143"]
[PlyCount "60"]
[EventDate "2010.10.17"]
[EventType "team-tourn"]
[EventRounds "11"]
[EventCountry "CZE"]
[SourceTitle "EXT 2012"]
[Source "ChessBase"]
[SourceDate "2011.11.24"]
[SourceVersion "1"]
[SourceVersionDate "2011.11.24"]
[SourceQuality "1"]
[WhiteTeam "Pardubice AKIS"]
[BlackTeam "Trebic Caissa"]
[WhiteTeamCountry "CZE"]
[BlackTeamCountry "CZE"]

1. d4 d5 2. c4 e6 3. Nc3 Nf6 4. Bg5 c6 5. e3 Nbd7 6. cxd5 exd5 7. Bd3 Be7 8. Qc2 0-0 9. Nf3 Re8 10. 0-0 Nf8 11. Rab1 Ng6 12. b4 Ne4 13. Bxe7 Qxe7 14. Bxe4 dxe4 15. Nd2 f5 16. Ne2 Qg5 17. Nb3 Re6 18. Rfd1 Nh4 19. Ng3 Rh6 20. Nd2 b6 21. a4 Bd7 22. Kh1 Qg4 23. Rg1 f4 24. Ngf1 fxe3 25. Nxe3 Qf4 26. Qxe4 Qxf2 27. Nf3 Re8 28. Ne5 Nf5 29. Nf1 Ng3+ 30. Nxg3 Qxg3 0-1